Cuentos de amor, de locura y de muerte: texto completo

محفوظ في:
التفاصيل البيبلوغرافية
المؤلف الرئيسي: Quiroga, Horacio (مؤلف)
التنسيق: كتاب
اللغة:الإسبانية
منشور في: Santiago Andrés Bello 1992
الطبعة:5a. ed
سلاسل:Club de lectores, 61
الموضوعات:
الوسوم: إضافة وسم
لا توجد وسوم, كن أول من يضع وسما على هذه التسجيلة!

MARC

LEADER 00000nam a2200000 a 4500
001 UCH7253
003 CL-VaPUC
008 091109e19920000CL |||||||||||||||||spa|d
082 0 4 |a Ur863  |b QUI  |2 21 
100 |a Quiroga, Horacio  |e author  |9 371721 
245 1 0 |a Cuentos de amor, de locura y de muerte: texto completo 
250 |a 5a. ed 
300 |a 165 p 
942 |c BK 
945 |d 20091109 00:00:00  |a lazolas 
260 |a Santiago  |b Andrés Bello  |c 1992 
650 0 |a Cuentos uruguayos  |9 265136 
583 |a last modification  |c 20091109 00:00:00  |k Rodrigo Vera 
490 0 |a Club de lectores, 61 
999 |c 337916  |d 337914